Southville International School and Colleges
Your cart is empty.
  • Cart
  • Lists
    Public lists Eva Luna New books Lux_list list_1
    Your lists Log in to create your own lists
  • Log in to your account
  • Your cookies
  • Search history
Southville International School and Colleges
  • Advanced search
  • Recent comments
  • Most popular
  • Libraries

Log in to your account

Log in with GOOGLE


If you do not have an external account, but do have a local account, you can still log in:

  1. Home
  2. MARC view: Stories of the moon :
Normal view MARC view ISBD view

Stories of the moon : (Record no. 345405)

[ view plain ]
MARC details
000 -LEADER
fixed length control field 00731nam a2200265Ia 4500
008 - FIXED-LENGTH DATA ELEMENTS--GENERAL INFORMATION
fixed length control field 171120s9999 xx 000 0 und d
020 ## - INTERNATIONAL STANDARD BOOK NUMBER
International Standard Book Number 9712710742
050 ## - LIBRARY OF CONGRESS CALL NUMBER
Classification number 133.91
050 ## - LIBRARY OF CONGRESS CALL NUMBER
Item number P438 2001
100 ## - MAIN ENTRY--PERSONAL NAME
Personal name Perez, Tony
245 ## - TITLE STATEMENT
Title Stories of the moon :
245 ## - TITLE STATEMENT
Remainder of title more adventures of the spirit questors /
245 ## - TITLE STATEMENT
Statement of responsibility, etc by Tony Perez ; with Michael Marlo R. Dugue and Dion Michael Fernandez.
260 ## - PUBLICATION, DISTRIBUTION, ETC. (IMPRINT)
Place of publication, distribution, etc Philippines :
260 ## - PUBLICATION, DISTRIBUTION, ETC. (IMPRINT)
Name of publisher, distributor, etc Anvil,
260 ## - PUBLICATION, DISTRIBUTION, ETC. (IMPRINT)
Date of publication, distribution, etc 2001
300 ## - PHYSICAL DESCRIPTION
Extent 169 pages :
300 ## - PHYSICAL DESCRIPTION
Other physical details illustrations ;
300 ## - PHYSICAL DESCRIPTION
Dimensions 21cm.
650 ## - SUBJECT ADDED ENTRY--TOPICAL TERM
Topical term or geographic name as entry element Channeling (Spiritualism) --
650 ## - SUBJECT ADDED ENTRY--TOPICAL TERM
General subdivision Philippines.
700 ## - ADDED ENTRY--PERSONAL NAME
Personal name Dugue, Michael Marlo R.
700 ## - ADDED ENTRY--PERSONAL NAME
Personal name Fernandez, Dion Michael.
700 ## - ADDED ENTRY--PERSONAL NAME
Personal name Title.
Holdings
Withdrawn status Lost status Damaged status Home library Current library Date acquired Total Checkouts Full call number Barcode Date last seen Price effective from Koha item type
      Stonyhurst Southville International School (Malarayat) Stonyhurst Southville International School (Malarayat) 11/20/2017   FIL 133.91 P438 2001 SSISM4449 11/20/2017 11/20/2017 Books

Stories of the moon :

APA

Perez T., Dugue M. M. R., Fernandez D. M. & Title.Stories of the moon. Philippines: .

Chicago

Perez Tony, Dugue Michael Marlo R, Fernandez Dion Michael and Title.Stories of the moon. Philippines: .

Harvard

Perez T., Dugue M. M. R., Fernandez D. M. and Title.Stories of the moon. Philippines: .

MLA

Perez Tony, Dugue Michael Marlo R, Fernandez Dion Michael and Title.Philippines: . .

  • Place hold
  • Print
  • Cite
  • Add to your cart (remove)
  • Save record
    BIBTEX Dublin Core MARCXML MARC (non-Unicode/MARC-8) MARC (Unicode/UTF-8) MARC (Unicode/UTF-8, Standard) MODS (XML) RIS
  • More searches
    Search for this title in:
    Other Libraries (WorldCat) Other Databases (Google Scholar) Online Stores (Bookfinder.com) Open Library (openlibrary.org)

Exporting to Dublin Core...

SOUTHVILLE LIBRARY

Southville International School and Colleges Library

1281 Tropical Ave. Cor. Luxembourg St., BF Homes International, Las Pinas City

Tel. No. 8256374 / 252358 Loc. 117/146

Powered by Koha